logo

Bir Sreshtho Munshi Abdur Rouf Library
Jhenaidah Cadet College

The new Children`s Encyclopedia / (Record no. 11767)

MARC details
000 -LEADER
fixed length control field 00820nam a2200253 a 4500
001 - CONTROL NUMBER
JCCL Control Number 11767
003 - CONTROL NUMBER IDENTIFIER
JCCL marc code BD-JhCC
005 - DATE AND TIME OF LATEST TRANSACTION
control field 20200903114601.0
008 - FIXED-LENGTH DATA ELEMENTS--GENERAL INFORMATION
fixed length control field 200903b20092019us a|||| ||a| 001 0 eng d
020 ## - INTERNATIONAL STANDARD BOOK NUMBER
International Standard Book Number 9780241317785
035 ## - SYSTEM CONTROL NUMBER
system control number (BD-JhCC)11767
040 ## - CATALOGING SOURCE
Original cataloging agency BD-JhCC
Modifying agency BD-JhCC
041 ## - LANGUAGE CODE
Language code of Book eng
082 ## - DEWEY DECIMAL CLASSIFICATION NUMBER
Classification number 031
Author mark and Year PAR 2019
100 ## - MAIN ENTRY--PERSONAL NAME
Personal name Parrish,Margaret
245 ## - TITLE STATEMENT
Title The new Children`s Encyclopedia /
Statement of responsibility, etc Margaret Parrish.
260 ## - PUBLICATION, DISTRIBUTION, ETC. (IMPRINT)
Place of publication, distribution, etc United State:
Name of publisher, distributor, etc DK Publishing;
Date of publication, distribution, etc 2019.
300 ## - PHYSICAL DESCRIPTION
Pagination 304 p. :
Other physical details ill
Dimensions 29 cm.
650 ## - SUBJECT ADDED ENTRY--TOPICAL TERM
Topical term or geographic name as entry element Children's encyclopedias and dictionaries
Form subdivision Children's encyclopedias and dictionaries. --
General subdivision JUVENILE NONFICTION
Chronological subdivision Encyclopedias and dictionaries.
Geographic subdivision Reference -- Encyclopedias.
700 ## - ADDED ENTRY--PERSONAL NAME
Personal name Gerhard, Karyn
700 ## - ADDED ENTRY--PERSONAL NAME
Personal name Douglass,Megan
942 ## - ADDED ENTRY ELEMENTS (KOHA)
Source of classification or shelving scheme Dewey Decimal Classification
Koha item type Books
Holdings
Source of classification or shelving scheme Damaged status Not for loan Home library Current library Shelving location Date of accession Cost, normal purchase price Total Checkouts Full call number Barcode Date last seen Copy number Koha item type
Dewey Decimal Classification   Not For Loan JCC Rouf Library JCC Rouf Library General Stacks 09/03/2020 1618.00   031 PAR 2019 15999 09/03/2020 C-1 Books
Dewey Decimal Classification   Not For Loan JCC Rouf Library JCC Rouf Library General Stacks 09/03/2020 1618.00   031 PAR 2019 15998 09/03/2020 C-2 Books

JCC Library | Contacts | JCC Home

Last Update on 23 September 2017
Copyright @ 2017-2020 JCC Rouf Library
Rouf Library, Jhenidah Cadet College (JCC), Bangladesh